| 000 | 00379 a2200121 4500 | ||
|---|---|---|---|
| 001 | ART_10184 | ||
| 005 | 20260410161613.0 | ||
| 008 | 260409a | ||
| 245 | 1 | 0 | _aLa cadena de valor de la innovación |
| 100 | 1 | _aHansen, Morten T. | |
| 700 | 1 | _aBirkinshaw, Julian | |
| 773 | 0 |
_tHarvard Business Review _gLlueven sobre usted - Vol. 85, Nº 6 (jun. 2007) _wREV340 |
|
| 999 |
_c10798 _d10798 |
||